Promoting yourself on television & radio (Record no. 236568)

MARC details
000 -LEADER
fixed length control field 00505nam a2200205Ia 4500
003 - CONTROL NUMBER IDENTIFIER
control field OSt
005 - DATE AND TIME OF LATEST TRANSACTION
control field 20251125092928.0
008 - FIXED-LENGTH DATA ELEMENTS--GENERAL INFORMATION
fixed length control field 250729s1987 xx 000 0 und d
020 ## - INTERNATIONAL STANDARD BOOK NUMBER
International Standard Book Number 978-1850911760
040 ## - CATALOGING SOURCE
Transcribing agency AL
041 ## - LANGUAGE CODE
Language code of text/sound track or separate title eng
082 ## - DEWEY DECIMAL CLASSIFICATION NUMBER
Classification number 371.333 BLAP
100 ## - MAIN ENTRY--PERSONAL NAME
Personal name Bland Michael
9 (RLIN) 224749
245 ## - TITLE STATEMENT
Title Promoting yourself on television & radio
260 ## - PUBLICATION, DISTRIBUTION, ETC.
Place of publication, distribution, etc. Great Britain
Date of publication, distribution, etc. 1987
300 ## - PHYSICAL DESCRIPTION
Extent 121p
650 ## - SUBJECT ADDED ENTRY--TOPICAL TERM
Topical term or geographic name entry element Education
9 (RLIN) 224750
700 ## - ADDED ENTRY--PERSONAL NAME
Personal name Mondesis Sumone
9 (RLIN) 224751
942 ## - ADDED ENTRY ELEMENTS (KOHA)
Source of classification or shelving scheme Dewey Decimal Classification
Koha item type School of Education
Holdings
Withdrawn status Lost status Damaged status Not for loan Home library Current library Date acquired Source of acquisition Total Checkouts Full call number Barcode Date last seen Price effective from Koha item type
        St Aloysius Library St Aloysius Library 07/29/2025 Management Books   371.333 BLAP BED01887 07/29/2025 07/29/2025 Book